000 00674 a2200205 4500
010 _aENG-89638
020 _a8181574966
_c500.00
035 _aEN-73171
037 _bDBAD / PUB
082 1 4 _a808.88
090 _c11382
_d11382
100 1 _aSwamy, K.R.N.
245 1 _aAfter ambassadors, before dukes/
_cby K.R.N. Swamy
260 _aKolkata
_bWriters Workshop
_c2006
270 _a162/92, Lake Gardens,
_bKolkatta
_e700 045
300 _a267p.:
_c22 cm ( Hb.)
_bb&w, col.photos
490 _aA Writers Workshop greybird book
942 _adpl
_cEN
_k808.88 / SWA
999 _c11073
_d11073